000 01546nam a22003737a 4500
003 CHAP
005 20220329142717.0
008 021129d2001 mx d rs 00010 spa d
010 _a86701
011 _a87673
020 _a9701337514
035 _a98217
040 _cCHAP
082 0 4 _a339.42
_bM49 2000 Ver.
110 2 _aInstituto Nacional de Estadística, Geografía e Informática. México
_959304
245 1 0 _aEncuesta del estado de Veracruz-llave de ingresos y gastos de los hogares:
_bdistribución del ingreso y el gasto corriente total trimestral de los hogares 2000
_c/por Instituto Nacional de Estadística, Geografía e Informática
260 _aAguascalientes, Ags. :
_bInstituto Nacional de Estadística, Geografía e Informática,
_c2001
300 _a84 p. :
_bgráfs. ; cuadros
590 _aBATCH-UPD
_b10
_c20130109
_lUCH01
_h2313
590 _aBATCH-UPD
_b10
_c20130110
_lUCH01
_h0207
590 _aBATCH-UPD
_b10
_c20130110
_lUCH01
_h2031
590 _aBATCH-UPD
_b10
_c20130410
_lUCH01
_h1348
590 _aBATCH-UPD
_b10
_c20130914
_lUCH01
_h1053
590 _aCONVERSION
_b10
_c20130109
_lUCH01
_h1348
650 1 4 _aCostos y nivel de vida
_xEstadísticas.
_928528
650 1 4 _aCostos y nivel de vida
_xVeracruz.
_928547
650 1 4 _aIngresos
_zVeracruz.
_958412
650 1 4 _aVeracruz
_xCondiciones económicas.
_9118807
650 1 4 _aVivienda
_zVeracruz.
_9120157
901 _aBK
905 _aMarco A. Mendoza T.
942 _cLIBRO
949 _a339.42 M49 2000 Ver.
_bBC
_cINEGI
_d33724000886602
_eINEGI
_h103468
_i98217
_sb
999 _c86701
_d86701